| 000 -LEADER |
| fixed length control field |
00679nam a22002177a 4500 |
| 008 - FIXED-LENGTH DATA ELEMENTS--GENERAL INFORMATION |
| fixed length control field |
150601b xxu||||| |||| 00| 0 eng d |
| 020 ## - INTERNATIONAL STANDARD BOOK NUMBER |
| International Standard Book Number |
9780071753944 |
| 041 0# - LANGUAGE CODE |
| Language code of text/sound track or separate title |
eng |
| 080 ## - UNIVERSAL DECIMAL CLASSIFICATION NUMBER |
| Universal Decimal Classification number |
658 ODE |
| 100 ## - Rafti |
| Rafti |
Stevenson, Jane, |
| 100 ## - Rafti |
| -- |
1962- |
| 245 10 - TITLE STATEMENT |
| Title |
Breaking away : |
| Statement of responsibility, etc |
Jane Stevenson, Bilal Kaafarani. |
| 260 ## - |
| -- |
New York : |
| -- |
McGraw-Hill, |
| -- |
c2011. |
| 300 ## - |
| -- |
234 f |
| -- |
me il |
| -- |
24 cm. |
| 500 ## - |
| -- |
index |
| 500 ## - |
| -- |
bibliografia |
| 650 ## - |
| -- |
Creative ability in business. |
| 650 ## - |
| -- |
New products. |
| 650 ## - |
| -- |
Leadership. |
| 700 ## - |
| -- |
Kaafarani, Bilal. |
| 942 ## - ADDED ENTRY ELEMENTS (KOHA) |
| Source of classification or shelving scheme |
|
| Item type |
Books |